| Tag |
First Indicator |
Second Indicator |
Subfields |
| LEADER |
00000cem a2200000 i 4500 |
| 001 |
in00003594721 |
| 005 |
20170928135405.0 |
| 007 |
aj canzn |
| 008 |
151007s2015 vauag cc a f 1 eng c |
| 020 |
|
|
|a 9781411339354
|
| 020 |
|
|
|a 1411339355
|
| 034 |
1 |
|
|a a
|b 100000
|d W1130000
|e W1120000
|f N0370000
|g N0363000
|
| 035 |
|
|
|a (OCoLC)ocn922988014
|
| 035 |
|
|
|a (OCoLC)922988014
|
| 040 |
|
|
|a GPO
|b eng
|e rda
|c GPO
|d GPO
|d MvI
|d UtOrBLW
|
| 042 |
|
|
|a pcc
|
| 043 |
|
|
|a n-us-az
|
| 049 |
|
|
|a UDOC
|
| 052 |
|
|
|a 4331
|
| 074 |
|
|
|a 0619-G-16
|
| 086 |
0 |
|
|a I 53.11/4:36112-E 1-TM-100/2015
|
| 110 |
1 |
|
|a United States.
|b Bureau of Land Management,
|e cartographer.
|0 http://id.loc.gov/authorities/names/n80125846
|
| 245 |
1 |
0 |
|a Arizona.
|p Fredonia.
|p [Surface]. :
|b 1:100,000-scale topographic map : 30 X 60 minute series (topographic) /
|c edited and published by the Bureau of Land Management National Operations Center in cooperation with the Bureau of Land Management Arizona State Office.
|
| 246 |
1 |
|
|i Filing title:
|a Fredonia, Arizona
|
| 250 |
|
|
|a BLM, 2015.
|
| 255 |
|
|
|a Scale 1:100,000 ;
|b Lambert conformal conic projection
|c (W 115°00ʹ--W 114°00ʹ/N 32°30ʹ--N 32°00ʹ).
|
| 264 |
|
1 |
|a [Reston, Va.] :
|b U.S. Department of the Interior, Bureau of Land Management,
|c 2015.
|
| 264 |
|
2 |
|a Phoenix, AZ :
|b For sale by U.S. Department of the Interior, Bureau of Land Management, Arizona State Office ;
|a Denver, CO :
|b U.S. Geological Survey
|
| 300 |
|
|
|a 1 map :
|b color ;
|c 56 x 90 cm.
|
| 336 |
|
|
|a cartographic image
|b cri
|2 rdacontent
|
| 337 |
|
|
|a unmediated
|b n
|2 rdamedia
|
| 338 |
|
|
|a sheet
|b nb
|2 rdacarrier
|
| 490 |
1 |
|
|a Surface management status
|
| 500 |
|
|
|a Relief shown by contours and spot heights.
|
| 500 |
|
|
|a Shows township and range lines.
|
| 500 |
|
|
|a USGS base map dated 1984.
|
| 500 |
|
|
|a Includes location map, township diagram, indexes to adjoining maps and to 1:24,000-scale maps.
|
| 500 |
|
|
|a Designed to be folded to 23 x 11 cm.
|
| 650 |
|
0 |
|a Land use, Rural
|z Arizona
|v Maps.
|
| 651 |
|
0 |
|a Arizona
|v Maps.
|0 http://id.loc.gov/authorities/subjects/sh2008114254
|
| 710 |
2 |
|
|a National Operations Center (U.S.),
|e editor.
|0 http://id.loc.gov/authorities/names/no2008045661
|
| 710 |
1 |
|
|a United States.
|b Bureau of Land Management.
|b Arizona State Office,
|e distributor.
|0 http://id.loc.gov/authorities/names/n77001237
|
| 710 |
2 |
|
|a Geological Survey (U.S.),
|e distributor.
|0 http://id.loc.gov/authorities/names/n80092173
|
| 810 |
1 |
|
|a United States.
|b Bureau of Land Management.
|t Surface-minerals management status.
|0 http://id.loc.gov/authorities/names/n86724748
|
| 948 |
|
|
|a cataloged
|b h
|c 2015/10/15
|d c
|e scecil
|f 11:34:45 am
|
| 999 |
f |
f |
|s d79dbe8a-ec97-36a6-ac86-031e0c4ebaa8
|i 9231d590-d603-32f6-bcdb-79acb7463e4f
|t 0
|
| 952 |
f |
f |
|p normal
|a Texas A&M University
|b College Station
|c Sterling C. Evans Library
|d Evans: Maps (2nd floor)
|t 0
|e G3701.G5 s100 .U5 Fredonia, AZ (SM) 2015
|h Library of Congress classification
|i unmediated -- sheet
|m A14842655616
|
| 998 |
f |
f |
|a G3701.G5 s100 .U5 Fredonia, AZ (SM) 2015
|t 0
|l Evans: Maps (2nd floor)
|